000 01406nam a2200337 i 4500
003 EG-GICUC
005 20260121101441.0
008 251208s2016 ua ||||fr|||| 00| 0 ara d
017 _a٢٠١٥/٥٣٥٠
020 _a978-977-90-2775-3
040 _a EG-GICUC
_bara
_c EG-GICUC
_d EG-GICUC
_erda
041 0 _aara
082 0 4 _221
_a345.7
_bح م . م
092 0 4 _221
099 _aLaw1 07 345.7 ح م . م 2016
100 0 _aحمدي ياسين عكاشة
_eمؤلف.
245 1 0 _aموسوعة المشكلات العملية :
_bفي منازعات العقود الإدارية.
_nالكتاب الرابع،
_pنهاية العقد الإداري ومشكلات ضمان تنفيذ وتسوية منازعاته /
_cالمستشار حمدي ياسين عكاشة.
264 3 _aالقاهرة :
_bدار أبو المجد،
_c2016.
300 _a1048 ؛صفحة
_c24 سم.
_bإيضاحيات، صور، مثيليات ؛
336 _2rda content
_atext
337 _2rda media
_aComputer
338 _2rda carrier
_aOnline Resource
504 _a. 240-220 ببليوجرافيا: صفحات.
546 _aالنص باللغة العربية
650 1 4 _aالعقود الإدارية
_2qrmak
650 1 4 _aالقانون الإداري
_2qrmak
651 1 _2qrmak
856 4 0 _uhttps://fll.law.cu.edu.eg/fulltext/bks/B07-01160.pdf
905 _a32
_eYara
942 _2ddc
_cBK
_e21
_n0
999 _c49103
_d49103